| 000 | 00589nam a22001817a 4500 | ||
|---|---|---|---|
| 999 |
_c190506 _d190506 |
||
| 005 | 20220727104325.0 | ||
| 010 | _aENG-134010 | ||
| 020 |
_a9789382711476 _c495.00 |
||
| 035 | _aEN-117542 | ||
| 037 | _bDBAD/PUB | ||
| 082 | _a364.1520954 | ||
| 100 | _aAhmad, Faraz | ||
| 245 |
_aAssassination of Rajiv Gandhi An Inside Job?/ _cFaraz Ahmad |
||
| 260 |
_aNew Delhi _bVitasta Publishing Pvt Ltd _c2015 |
||
| 270 |
_a2/15, Ansari Road, Daryaganj _minfo@vitastapublishing.com _bNew Delhi _e110002 |
||
| 300 |
_a312p. _bIndex _c22cm(hb) |
||
| 942 |
_2ddc _cEN _h364.1520954 _mAHM |
||